<?xml version="1.0" encoding="UTF-8"?>
<record
    xmlns:xsi="http://www.w3.org/2001/XMLSchema-instance"
    xsi:schemaLocation="http://www.loc.gov/MARC21/slim http://www.loc.gov/standards/marcxml/schema/MARC21slim.xsd"
    xmlns="http://www.loc.gov/MARC21/slim">

  <leader>01740ngm a2200325 a 4500</leader>
  <controlfield tag="005">20220317001435.0</controlfield>
  <controlfield tag="008">161108s9999    xx            000 0 und d</controlfield>
  <datafield tag="082" ind1="0" ind2="4">
    <subfield code="a">612.835</subfield>
    <subfield code="b">D37c</subfield>
  </datafield>
  <datafield tag="110" ind1=" " ind2=" ">
    <subfield code="a">Discovery Communications</subfield>
    <subfield code="9">73031</subfield>
  </datafield>
  <datafield tag="245" ind1="0" ind2="0">
    <subfield code="a">Cuerpo humano al l&#xED;mite</subfield>
    <subfield code="b">el cerebro</subfield>
    <subfield code="c">Discovery Communications</subfield>
    <subfield code="h">videodisco digital</subfield>
  </datafield>
  <datafield tag="250" ind1=" " ind2=" ">
    <subfield code="a">1a. edici&#xF3;n</subfield>
  </datafield>
  <datafield tag="300" ind1=" " ind2=" ">
    <subfield code="a">1 DVD (60 minutos)</subfield>
    <subfield code="b">sonido, color, digital</subfield>
    <subfield code="c">12 cm</subfield>
  </datafield>
  <datafield tag="490" ind1=" " ind2=" ">
    <subfield code="a">Discovery en la escuela</subfield>
  </datafield>
  <datafield tag="500" ind1=" " ind2=" ">
    <subfield code="a">Multizona</subfield>
  </datafield>
  <datafield tag="500" ind1=" " ind2=" ">
    <subfield code="a">Dolby Digital</subfield>
  </datafield>
  <datafield tag="520" ind1=" " ind2=" ">
    <subfield code="a">La fuerza que nos mueve proviene del &#xF3;rgano m&#xE1;s poderoso del mundo: El cerebro humano. Nuestra unidad de procesamiento central genera la misma cantidad de impulsos el&#xE9;ctricos en un d&#xED;a que todos los tel&#xE9;fonos del mundo juntos. Gracias a im&#xE1;genes de &#xFA;ltima tecnolog&#xED;a de &#xE9;sta compleja y misteriosa m&#xE1;quina, podremos observar c&#xF3;mo la actividad del cerebro se acelera cuando enfrentamos situaciones peligrosas o de m&#xE1;ximo estr&#xE9;s, y exploraremos sus capas m&#xE1;s profundas para desentra&#xF1;ar instintos de supervivencia prehist&#xF3;ricos</subfield>
  </datafield>
  <datafield tag="521" ind1=" " ind2=" ">
    <subfield code="a">Recomendado para todas las edades</subfield>
  </datafield>
  <datafield tag="546" ind1=" " ind2=" ">
    <subfield code="a">Audio en ingl&#xE9;s con subt&#xED;tulos en espa&#xF1;ol</subfield>
  </datafield>
  <datafield tag="650" ind1="1" ind2="4">
    <subfield code="2">LEMB</subfield>
    <subfield code="a">Cerebro</subfield>
    <subfield code="v">Documentales</subfield>
    <subfield code="v">Videodiscos digitales</subfield>
  </datafield>
  <datafield tag="650" ind1="1" ind2="4">
    <subfield code="2">LEMB</subfield>
    <subfield code="a">Anatom&#xED;a humana</subfield>
    <subfield code="v">Documentales</subfield>
    <subfield code="v">Videodiscos digitales</subfield>
  </datafield>
  <datafield tag="650" ind1="1" ind2="4">
    <subfield code="2">LEMB</subfield>
    <subfield code="a">Sistema nervioso central</subfield>
    <subfield code="v">Documentales</subfield>
    <subfield code="x">Videodiscos digitales</subfield>
  </datafield>
  <datafield tag="700" ind1="1" ind2=" ">
    <subfield code="a">Clifton, Dan</subfield>
    <subfield code="d">editor</subfield>
    <subfield code="9">73034</subfield>
  </datafield>
  <datafield tag="740" ind1=" " ind2=" ">
    <subfield code="a">Human body pushing the limits : the brain</subfield>
  </datafield>
  <datafield tag="942" ind1=" " ind2=" ">
    <subfield code="2">ddc</subfield>
    <subfield code="c">DVD</subfield>
  </datafield>
  <datafield tag="264" ind1=" " ind2=" ">
    <subfield code="a">Bogot&#xE1;</subfield>
    <subfield code="b">MS Tv &amp; Videos</subfield>
    <subfield code="c">2014</subfield>
  </datafield>
  <datafield tag="336" ind1=" " ind2=" ">
    <subfield code="a">texto</subfield>
    <subfield code="b">txt</subfield>
    <subfield code="2">rdacontent</subfield>
  </datafield>
  <datafield tag="337" ind1=" " ind2=" ">
    <subfield code="a">sin mediaci&#xF3;n</subfield>
    <subfield code="b">n</subfield>
    <subfield code="2">rdamedia</subfield>
  </datafield>
  <datafield tag="338" ind1=" " ind2=" ">
    <subfield code="a">volumen</subfield>
    <subfield code="b">nc</subfield>
    <subfield code="2">rdacarrier</subfield>
  </datafield>
  <datafield tag="040" ind1=" " ind2=" ">
    <subfield code="a">CO-BoRNBP</subfield>
    <subfield code="b">spa</subfield>
    <subfield code="e">rda</subfield>
    <subfield code="c">CO-BoRNBP</subfield>
  </datafield>
  <datafield tag="999" ind1=" " ind2=" ">
    <subfield code="c">6986</subfield>
    <subfield code="d">6986</subfield>
  </datafield>
</record>
